02089nab a2200205 i 4500001001000000003001000010005001700020008004100037040003000078041000800108100003900116245008500155300005200240520142200292650001401714773011801728942000801846945001201854999001701866768714001CO-MdFUSB20260313164032.0220928s2014 ck ||||| |||| 00| 0 spa d bspacCO-MdFUSBdCO-MdFUSB aspa aRestrepo Gallego, Beatriz, eautor aPapel de la sociedad en la construcción de la pazc/ Beatriz Restrepo Gallego aNúmero 7, (2014), páginas 77 - 92c; 20 cm aCuando se hablan de los diálogos de la Habana y del proceso de paz, hay que entender dos momentos: el presente de las conversaciones en la Habana entre voceros oficiales del gobierno y la guerrilla, que busca llegar a unos acuerdos básicos que conduzcan a la suspensión del enfrentamiento armado; y el futuro de una construcción de una paz duradera y sostenible, una vez que aquellos acuerdos hayan sido refrendados por la ciudadanía, que será tarea de todos los actores y el que la sociedad jugará un papel importante. En el primero, tarea de la sociedad es, por fuera de la mesa, ir aclimatando en la cultura un ambiente de perdón y reconciliación que propicie la refrendación de los acuerdos y prepare el inicio del proceso de paz. En el segundo momento tendrá un papel protagónico: por un lado, de generar a su interior un clima de confianza y esperanza que propicie el perdón y permita la reconciliación, esto es, la inclusión de todos los actores, la cohesión social y por otro la de construir un escenario de actuación y responsabilidad personal, política y social y moral. Este artículo tratará del papel y las tareas de la sociedad en este segundo momento, el de la construcción de la paz. Previo a ello, se presentarán los principios que fundamentan esta reflexión por considerarlo necesario para una mejor comprensión de la intencionalidad de este escrito. 092052aPaz0 068214981330oR2116tAbriendo Horizontes w(CO-MdFUSB)768714001x23573295gNúmero 7, (2014), páginas 77 - 92 cANA aJTF-925 c68219d68219